000 00603nam a2200229Ia 4500
003 OSt
005 20221005070209.0
006 a|||||r|||| 00| 0
007 ta
008 221004b |||||||| |||| 00| 0 kan d
024 _a61381
037 _cTextual
040 _aCRL
_cCRL
_bkan
041 _2kan
_akan
082 _aQ234wFBA, 33K7
100 _aChidanandamurthy
_9605434
245 0 _aBasavannanavaru
260 _aMysore
_bGeetha Book House India
_c1967
650 _aRELIGION
942 _hQ234wFBA, 33K7
_cTEXL
_2cc
999 _c975824
_d975824